El contrato de arrendamiento.
Guardat en:
| Autor principal: | |
|---|---|
| Format: | Llibre |
| Idioma: | espanyol |
| Publicat: |
Santiago, Chile:
Metropolitana,
2011.
|
| Edició: | Segunda edición ampliada. |
| Matèries: | |
| Etiquetes: |
Afegir etiqueta
Sense etiquetes, Sigues el primer a etiquetar aquest registre!
|
MARC
| LEADER | 00000nam a2200000 a 4500 | ||
|---|---|---|---|
| 001 | UCG6341 | ||
| 003 | CL-VaPUC | ||
| 005 | 20250416110211.0 | ||
| 008 | 110414e20110200CL |||||||||||||||||spa|d | ||
| 999 | |c 344598 |d 344596 | ||
| 020 | |a 978-956-286-126-7 | ||
| 040 | |c Pontificia Universidad Católica de Valparaíso | ||
| 082 | 0 | 4 | |a 346.8304346 ORR 2011 |2 21 |
| 100 | |a Orrego Acuña, Juan Andrés |e autor |9 482626 | ||
| 245 | 1 | 3 | |a El contrato de arrendamiento. |
| 250 | |a Segunda edición ampliada. | ||
| 260 | |a Santiago, Chile: |b Metropolitana, |c 2011. | ||
| 300 | |a 495 páginas. | ||
| 500 | |a c.2 Donación Familia Prof. Alejandro Guzmán Brito. | ||
| 583 | |a last modification |c 20110414 00:00:00 |k Rodrigo Vera | ||
| 650 | 0 | |a Bienes inmuebles |9 359521 | |
| 650 | 0 | |a Contratos |9 255153 | |
| 650 | 0 | |a Arrendamiento |9 257654 | |
| 650 | 0 | |a Código civil chileno |9 255931 | |
| 942 | |c BK |2 ddc |n 0 | ||
| 945 | |d 20110414 00:00:00 |a jcampos | ||
| 952 | |0 0 |1 0 |4 0 |6 346_830434600000000_ORR_2011 |7 0 |8 A |9 442656 |a BIBDER |b BIBDER |d 2019-11-22 |i 4766601 |o 346.8304346 ORR 2011 |p 4766601 |r 2023-01-25 |w 2019-11-22 |y BK |k DER | ||
| 952 | |0 0 |1 0 |2 ddc |4 0 |6 346_830434600000000_ORR_2011 |7 1 |8 C_AGB |9 580664 |a BIBDER |b BIBDER |d 2022-01-19 |e Donación |i 5640113 |o 346.8304346 ORR 2011 |p 5640113 |r 2023-01-25 |t 2 |w 2022-01-19 |y BK_US |k AGB | ||